| 000 | 00599nam a2200181 i 4500 | ||
|---|---|---|---|
| 001 | 25309 | ||
| 003 | ES-MaACL | ||
| 005 | 20230906153232.0 | ||
| 007 | t| | ||
| 008 | 021223s1967 sp ||||1| spa d | ||
| 100 | 1 |
_aAranegui y Coll, Manuel de. _922298 |
|
| 245 | 1 | 0 |
_aAlava en tiempos de Alfonso X el Sabio / _cManuel de Aranegui y Coll. |
| 260 |
_a[Vitoria : _bs.n., _c1967] ( _fImp. Montepío Diocesano) |
||
| 300 |
_a20 h. ; _c27 cm. |
||
| 500 | _aPrecede al tít.: Instituto Luis de Salazar y Castro. | ||
| 710 | 2 |
_aInstituto Salazar y Castro. _95230 |
|
| 852 |
_aES-MaACL _j2047-F-13 _bR.63780 |
||
| 999 |
_c25309 _d25309 |
||